Clasificación documental : (Registro nro. 3446)

Detalles MARC
000 -LEADER
fixed length control field 01730nam a2200313Ia 4500
003 - CONTROL NUMBER IDENTIFIER
control field OSt
005 - DATE AND TIME OF LATEST TRANSACTION
control field 20200327101300.0
008 - FIXED-LENGTH DATA ELEMENTS--GENERAL INFORMATION
fixed length control field 191128s2015 ck a gr 000 0dspa d
020 ## - INTERNATIONAL STANDARD BOOK NUMBER
International Standard Book Number 9789587171723
040 ## - CATALOGING SOURCE
Original cataloging agency CO-JMCR
Transcribing agency CO-JMCR
082 04 - DEWEY DECIMAL CLASSIFICATION NUMBER
Classification number 025.42 /
Item number G146c
100 1# - MAIN ENTRY--PERSONAL NAME
Personal name Galarza Pinzón, Mauricio Andrés,
Relator term autor
9 (RLIN) 2009
245 10 - TITLE STATEMENT
Title Clasificación documental :
Remainder of title guía práctica para las entidades del Distrito Capital /
Statement of responsibility, etc. Mauricio Andrés Galarza Pinzón, William Javier Patarroyo Baquero
260 ## - PUBLICATION, DISTRIBUTION, ETC.
Place of publication, distribution, etc. Bogotá :
Name of publisher, distributor, etc. Secretaría General Alcaldía Mayor de Bogotá,
Date of publication, distribution, etc. 2015
300 ## - PHYSICAL DESCRIPTION
Extent 43 páginas :
Other physical details ilustraciones a color ;
Dimensions 28 cm.
440 ## - SERIES STATEMENT/ADDED ENTRY--TITLE
Title Instrumentos técnicos
9 (RLIN) 2010
490 0# - SERIES STATEMENT
Series statement Instrumentos técnicos
504 ## - BIBLIOGRAPHY, ETC. NOTE
Bibliography, etc. note Incluye bibliografía.
505 ## - FORMATTED CONTENTS NOTE
Formatted contents note El concepto de clasificación documental -- Elementos para la clasificación documental -- Qué debo hacer para clasificar -- Cómo identificar y denominar una agrupación documental -- El cuadro de clasificación documental -- Guías para gestión normalizada de
520 ## - SUMMARY, ETC.
Summary, etc. Este título forma parte de la colección instrumentos técnicos que el Archivo de Bogotá viene publicando y a la que también pertenecen la "Guía metodológica para la investigación de historias institucionales", " Guía de gestión documental por procesos"
546 ## - LANGUAGE NOTE
Language note spa
650 14 - SUBJECT ADDED ENTRY--TOPICAL TERM
Topical term or geographic name entry element Clasificación de archivos
9 (RLIN) 2011
650 24 - SUBJECT ADDED ENTRY--TOPICAL TERM
Topical term or geographic name entry element Organización de archivos de oficina
9 (RLIN) 2012
650 24 - SUBJECT ADDED ENTRY--TOPICAL TERM
Topical term or geographic name entry element Análisis documental
9 (RLIN) 2013
650 24 - SUBJECT ADDED ENTRY--TOPICAL TERM
Topical term or geographic name entry element Sistemas de almacenamiento y recuperación de información
General subdivision Documentación
9 (RLIN) 2014
700 1# - ADDED ENTRY--PERSONAL NAME
Personal name Patarroyo Baquero, William Javier,
Relator term autor
9 (RLIN) 2015
799 ## - LOCAL ADDED ENTRY--UNIFORM TITLE (RLIN)
Uniform title Patarroyo Baquero, William Javier, autor
942 ## - ADDED ENTRY ELEMENTS (KOHA)
Source of classification or shelving scheme Dewey Decimal Classification
Koha item type Books
Existencias
Withdrawn status Lost status Source of classification or shelving scheme Materials specified (bound volume or other part) Damaged status Not for loan Home library Current library Date acquired Source of acquisition Cost, normal purchase price Total Checkouts Full call number Barcode Date last seen Date last checked out Copy number Price effective from Koha item type
    Dewey Decimal Classification Donación--11/04/208--     Biblioteca Pública José María del Castillo y Rada Biblioteca Pública José María del Castillo y Rada 11/28/2019 Donación 0.00 1 025.42 / G146c 201807298 05/16/2024 01/30/2024 Ej.1 11/28/2019 Books